PRINCIPLES AND PRACTICES OF COMMERCIAL CONSTRUCTION (Record no. 24975)

MARC details
000 -LEADER
fixed length control field 00372nam a22001577a 4500
003 - CONTROL NUMBER IDENTIFIER
control field SGT
020 ## - INTERNATIONAL STANDARD BOOK NUMBER
International Standard Book Number 9789390168293
082 ## - DEWEY DECIMAL CLASSIFICATION NUMBER
Classification number 690,RON
100 ## - MAIN ENTRY--PERSONAL NAME
Personal name RONALD WOODS.W
245 ## - TITLE STATEMENT
Title PRINCIPLES AND PRACTICES OF COMMERCIAL CONSTRUCTION
250 ## - EDITION STATEMENT
Edition statement 10TH
260 ## - PUBLICATION, DISTRIBUTION, ETC. (IMPRINT)
Place of publication, distribution, etc INDIA
Name of publisher, distributor, etc PEARSON
Year of Publication 2022
300 ## - PAGE DESCRIPTION
No. of Pages 547
490 ## - SERIES STATEMENT
Series statement CONSTRUCTION OF BUILDING
942 ## - ADDED ENTRY ELEMENTS (KOHA)
Source of classification or shelving scheme Dewey Decimal Classification
Koha item type Books

No items available.